Southville International School and Colleges
Your cart is empty.
  • Cart
  • Lists
    Public lists Eva Luna New books Lux_list list_1
    Your lists Log in to create your own lists
  • Log in to your account
  • Your cookies
  • Search history
Southville International School and Colleges
  • Advanced search
  • Recent comments
  • Most popular
  • Libraries

Log in to your account

Log in with GOOGLE


If you do not have an external account, but do have a local account, you can still log in:

  1. Home
  2. MARC view: Profesional issues in Midwifery /
Normal view MARC view ISBD view

Profesional issues in Midwifery / (Record no. 13551)

[ view plain ]
MARC details
000 -LEADER
fixed length control field 00598nam a22002057a 4500
003 - CONTROL NUMBER IDENTIFIER
control field OSt
005 - DATE AND TIME OF LATEST TRANSACTION
control field 20140310182443.0
008 - FIXED-LENGTH DATA ELEMENTS--GENERAL INFORMATION
fixed length control field 130803t xxu||||| |||| 00| 0 eng d
020 ## - INTERNATIONAL STANDARD BOOK NUMBER
International Standard Book Number 978076372836
050 ## - LIBRARY OF CONGRESS CALL NUMBER
Classification number RG 950
Item number .P76 2007
100 ## - MAIN ENTRY--PERSONAL NAME
Personal name Ament, Lynette A.
9 (RLIN) 9232
245 ## - TITLE STATEMENT
Title Profesional issues in Midwifery /
Statement of responsibility, etc Lynette A Ament.
260 ## - PUBLICATION, DISTRIBUTION, ETC. (IMPRINT)
Place of publication, distribution, etc Massachussetts :
Name of publisher, distributor, etc J & B publishers
Date of publication, distribution, etc c2007.
300 ## - PHYSICAL DESCRIPTION
Extent 359 p. :
Other physical details ill. ;
Dimensions 25 cm.
650 ## - SUBJECT ADDED ENTRY--TOPICAL TERM
Topical term or geographic name as entry element Midwifery
General subdivision United states
9 (RLIN) 7474
650 ## - SUBJECT ADDED ENTRY--TOPICAL TERM
Topical term or geographic name as entry element Childbirth
General subdivision United states
9 (RLIN) 7475
942 ## - ADDED ENTRY ELEMENTS (KOHA)
Source of classification or shelving scheme Library of Congress Classification
Koha item type
Holdings
Withdrawn status Lost status Source of classification or shelving scheme Damaged status Home library Current library Shelving location Date acquired Total Checkouts Full call number Barcode Date last seen Copy number Price effective from Koha item type
    Library of Congress Classification   South SEED-LPDH College Library South SEED-LPDH College Library South SEED-LPDH College Section 08/03/2013   RG 950 .P76 2007 SSLC0330 05/15/2018 1 08/03/2013 Books
    Library of Congress Classification   South SEED-LPDH College Library South SEED-LPDH College Library South SEED-LPDH College Section 08/03/2013   RG 950 .P76 2007 SSLC0329 05/15/2018 2 08/03/2013 Books

Profesional issues in Midwifery /

APA

Ament L. A., . (2007). Profesional issues in Midwifery. Massachussetts: J & B publishers.

Chicago

Ament Lynette A, . 2007. Profesional issues in Midwifery. Massachussetts: J & B publishers.

Harvard

Ament L. A., . (2007). Profesional issues in Midwifery. Massachussetts: J & B publishers.

MLA

Ament Lynette A, . Profesional issues in Midwifery. Massachussetts: J & B publishers. 2007.

  • Place hold
  • Print
  • Cite
  • Add to your cart (remove)
  • Save record
    BIBTEX Dublin Core MARCXML MARC (non-Unicode/MARC-8) MARC (Unicode/UTF-8) MARC (Unicode/UTF-8, Standard) MODS (XML) RIS
  • More searches
    Search for this title in:
    Other Libraries (WorldCat) Other Databases (Google Scholar) Online Stores (Bookfinder.com) Open Library (openlibrary.org)

Exporting to Dublin Core...

SOUTHVILLE LIBRARY

Southville International School and Colleges Library

1281 Tropical Ave. Cor. Luxembourg St., BF Homes International, Las Pinas City

Tel. No. 8256374 / 252358 Loc. 117/146

Powered by Koha